000
00219 a2200097 4500
001
127434
040
_c
Escola Canadense de Niteroi
245
1
0
_a
GĂȘneros textuais [Banner]
650
4
_a
LĂngua Portuguesa
942
_c
MATP
999
_c
127434
_d
127434